El Maestro del amor : (Registro nro. 53587)

Detalles MARC
000 -LEADER
campo de control de longitud fija 02412cam a22005054i 4500
003 - IDENTIFICADOR DE NÚMERO DE CONTROL
campo de control PE-LiUPU
005 - FECHA Y HORA DE LA ÚLTIMA TRANSACCIÓN
campo de control 20250731173418.0
008 - DATOS DE LONGITUD FIJA--INFORMACIÓN GENERAL
campo de control de longitud fija 150706s2009 tnu r 000 0 spa d
020 ## - NÚMERO INTERNACIONAL ESTÁNDAR DEL LIBRO
Número Internacional Estándar del Libro 9781602551343
035 ## - NÚMERO DE CONTROL DEL SISTEMA
Número de control de sistema (Sirsi) i9781602551343
040 ## - FUENTE DE CATALOGACIÓN
Centro catalogador/agencia de origen PE-LiUPU
Lengua de catalogación spa
Centro/agencia transcriptor PE-LiUPU
Normas de descripción rda
049 ## - FONDOS LOCALES (OCLC)
Biblioteca depositaria PRUA
082 04 - NÚMERO DE LA CLASIFICACIÓN DECIMAL DEWEY
Número de clasificación 232
Cutter C95a
Número de edición 21
100 1# - ENTRADA PRINCIPAL--NOMBRE DE PERSONA
Nombre de persona Cury, Augusto,
Término indicativo de función/relación autor.
245 13 - MENCIÓN DEL TÍTULO
Título El Maestro del amor :
Resto del título Jesús el mayor ejemplo de sabiduría perseverancia y compasión /
Mención de responsabilidad, etc. Augusto Cury.
264 #1 - PRODUCCIÓN, PUBLICACIÓN, DISTRIBUCIÓN, FABRICACIÓN Y COPYRIGHT
Producción, publicación, distribución, fabricación y copyright Nashville, Tennessee :
Nombre del de productor, editor, distribuidor, fabricante Grupo Nelson,
Fecha de producción, publicación, distribución, fabricación o copyright 2009.
300 ## - DESCRIPCIÓN FÍSICA
Extensión 183 páginas ;
Dimensiones 21 centímetros.
336 ## - TIPO DE CONTENIDO
Término de tipo de contenido text
Fuente rdacontent
337 ## - TIPO DE MEDIO
Nombre/término del tipo de medio unmediated
Fuente rdamedia
338 ## - TIPO DE SOPORTE
Nombre/término del tipo de soporte volume
Fuente rdacarrier
490 0# - MENCIÓN DE SERIE
Mención de serie Análisis de la inteligencia de Cristo
500 ## - NOTA GENERAL
Nota general Título en portugués: O Mestre do amor.
505 0# - NOTA DE CONTENIDO CON FORMATO
Nota de contenido con formato Dos tipos de sabiduría -- Un príncipe en el caos: ¿por qué Jesús fue carpintero? -- Una humanidad inigualable -- La conmovedora trayectoria hacia el calvario -- Los preparativos para la crucifixión -- La primera hora: cuidó a su padre y perdonó a hombres imperdonables -- La segunda hora: humillado públicamente -- La tercera hora: cuidó a un criminal y vivió el mayor de los sueños -- Continuación de la tercera hora: cuidó cariñosamente a su madre -- De la cuarta a la sexta hora: desamparado por Dios -- Consumó su plan: el cerebro y el alma -- Murió en la cruz, pero permaneció vivo en el corazón de los seres humanos.
526 ## - NOTA DE INFORMACIÓN SOBRE EL PROGRAMA DE ESTUDIO
Nombre del programa Segunda Especialidad En Profecías Bíblicas
526 ## - NOTA DE INFORMACIÓN SOBRE EL PROGRAMA DE ESTUDIO
Nombre del programa Segunda Especialidad En Nuevo Testamento
526 ## - NOTA DE INFORMACIÓN SOBRE EL PROGRAMA DE ESTUDIO
Nombre del programa Segunda Especialidad En Antiguo Testamento
526 ## - NOTA DE INFORMACIÓN SOBRE EL PROGRAMA DE ESTUDIO
Nombre del programa Segunda Especialidad En Estudios Adventistas
526 ## - NOTA DE INFORMACIÓN SOBRE EL PROGRAMA DE ESTUDIO
Nombre del programa Doctorado en teología
526 ## - NOTA DE INFORMACIÓN SOBRE EL PROGRAMA DE ESTUDIO
Nombre del programa Maestría en teología histórica
526 ## - NOTA DE INFORMACIÓN SOBRE EL PROGRAMA DE ESTUDIO
Nombre del programa Maestría en teología bíblica
526 ## - NOTA DE INFORMACIÓN SOBRE EL PROGRAMA DE ESTUDIO
Nombre del programa Maestría en teología
526 ## - NOTA DE INFORMACIÓN SOBRE EL PROGRAMA DE ESTUDIO
Nombre del programa Maestría en misionología
526 ## - NOTA DE INFORMACIÓN SOBRE EL PROGRAMA DE ESTUDIO
Nombre del programa Maestría en liderazgo eclesiástico
526 ## - NOTA DE INFORMACIÓN SOBRE EL PROGRAMA DE ESTUDIO
Nombre del programa Teología
541 ## - NOTA DE FUENTE DE ADQUISICIÓN DIRECTA
-- 001-0000579;
596 ## -
-- 1
600 1# - PUNTO DE ACCESO ADICIONAL DE MATERIA--NOMBRE DE PERSONA
Nombre de persona Jesucristo
Subdivisión general Persona y obra.
630 ## - PUNTO DE ACCESO ADICIONAL DE MATERIA--TÍTULO UNIFORME
Título uniforme Biblia.
Nombre de parte o sección de la obra N.T.
Subdivisión general Evangelios
Subdivisión de forma Crítica e interpretación.
700 1# - ENTRADA AGREGADA--NOMBRE PERSONAL
Nombre de persona Oliveira, María Fernanda,
Término indicativo de función/relación tr.
910 ## - DATOS DE OPCIÓN DEL USUARIO (OCLC)
Datos de opción del usuario gl
-- jv
-- lch
-- 20120612
942 ## - ELEMENTOS DE ENTRADA SECUNDARIOS (KOHA)
Fuente del sistema de clasificación o colocación Clasificación Decimal Dewey
Tipo de ítem Koha
949 ## - PROCESAMIENTO DE INFORMACIÓN LOCAL (OCLC)
a 232 C95A
w DEWEY
c 1
i 64881
l CCODEBUL1
m BUL
p 14.00
r 0
s Y
t BOOK
u 2015-7-6
x TEOLOGIA
-- P35
o .STAFF. Colección General
994 ## -
-- C0
-- PEPRU
999 ## - NÚMEROS DE CONTROL DE SISTEMA (KOHA)
-- DEWEY
-- 64881
-- 2019-1-30
-- 2021-11-9
-- 5
-- CCODEBUL1
-- BUL
-- 3
-- 14.00
-- 1
-- 0
-- Y
-- BOOK
-- 2015-7-6
-- TEOLOGIA
-- P35
-- COMPRA
-- .STAFF. Colección Teología
980 ## - EQUIVALENCIA O REFERENCIA-CRUZADA-MENCIÓN DE SERIE--NOMBRE DE PERSONA/TÍTULO [LOCAL, CANADÁ]
ID del último usuario que modificó el registro 1
Nombre del último usuario que modificó el registro ALBERTO SANCHEZ Responsable de Automatización
Existencias
Visto por última vez Número de inventario Total de préstamos Signatura topográfica completa Código de barras Fecha del último préstamo Copia número Coste, precio de reemplazo Fecha de reemplazo Facultad Tipo de ítem Koha Nota pública Estado de pérdida Fuente del sistema de clasificación o colocación Restricciones de uso No para préstamo Colección Programa académico Biblioteca de origen Biblioteca actual Ubicación en estantería Fecha de adquisición Fuente de adquisición Coste, precio normal de compra
2025-12-03 6 3 232 C95A 64881 2019-01-30 e1 19.00 2015-07-06   Libros físicos inventario-2023-12-13 No Perdido Clasificación Decimal Dewey No restringido Disponible para préstamos Colección General Teología Biblioteca CRAI UPeU Lima Biblioteca CRAI UPeU Lima Sala principal 2015-07-06 COMPRA 14.00